Music Quiz

Random Music or Lyrics Quiz
Score 0/56 Timer 07:00
3 Plays Today
% Correct
Richard Nixon
77.1%
Richard Nixon (back again)
77.1%
Marilyn Monroe
76.5%
J.F.K.
75.5%
(John F.) Kennedy
74.7%
Joe DiMaggio
65.8%
Doris Day
64.2%
Harry Truman
62.5%
(Dwight D.) Eisenhower
49.2%
(Ronald) Reagan
47.4%
Sugar Ray (Robinson)
45.5%
Johnnie Ray
44.6%
Elvis Presley
40.2%
James Dean
40%
Josef Stalin
38.9%
Joe McCarthy
37.8%
Ho Chi Minh
36.8%
Walter Winchell
33.2%
(Albert) Einstein
31.2%
(Fidel) Castro
28.7%
Sally Ride
27.4%
(Marlon) Brando
26.8%
Liberace
26.5%
Buddy Holly
26.5%
(Ethel and Julius) Rosenberg
25.5%
Princess Grace (Grace Kelly)
25.5%
Mickey Mantle
25.4%
Malcolm X
25.2%
% Correct
Chubby Checker
23.4%
Davy Crockett
23%
John Glenn
21.7%
Bernie Goetz
21%
Pope Paul (VI)
20.3%
Juan Peron
19.5%
(Rocky) Marciano
19.4%
(Winthrop or Nelson) Rockefeller
19%
(Bob) Dylan
18.6%
(Gamal Abdel) Nasser
17.8%
(Brigitte) Bardot
17.8%
(Menachem) Begin
17.7%
(George) Santayana
17.4%
Roy Cohn
17.4%
Charles de Gaulle
16.6%
(Nikita) Khrushchev
16.5%
(Jack) Kerouac
16.4%
(Roy) Campanella
16%
(Ernest) Hemingway
15.7%
(Sergei) Prokofiev
15.7%
(Floyd) Patterson
15.2%
(Sonny) Liston
15.1%
(Georgy) Malenkov
13.7%
(Adolf) Eichmann
13.2%
(Arturo) Toscanini
13%
(Boris) Pasternak
11.8%
Zhou Enlai
11.3%
Syngman Rhee
11.2%
Remove Ads.
Support Sporcle.
Get the best of Sporcle when you Go Orange. This ad-free experience offers more features, more stats, and more fun while also helping to support Sporcle. Thank you for becoming a member.

You're not logged in!

Compare scores with friends on all Sporcle quizzes.
OR
Log In

Show Comments

Extras

Top Quizzes Today


Score Distribution

Your Account Isn't Verified!

In order to create a playlist on Sporcle, you need to verify the email address you used during registration. Go to your Sporcle Settings to finish the process.

Report this User

Report this user for behavior that violates our Community Guidelines.

Details: